| 000 | 01450cam a2200349 a 4500 | ||
|---|---|---|---|
| 999 |
_c21393 _d21393 |
||
| 001 | 2520251 | ||
| 003 | BDDh-ASL | ||
| 005 | 20231015030006.0 | ||
| 008 | 930402s1992 bg b b 000 0 eng | ||
| 010 | _a 92911791 | ||
| 020 |
_a9840800825 : _cTk250.00 |
||
| 025 | _aB-E-7568 | ||
| 040 |
_aDLC _cDLC _dDLC _dBDDh-ASL |
||
| 043 |
_aaz----- _aa-bg--- |
||
| 050 | 0 | 0 |
_aDS395.5 _b.B357 1992 |
| 082 |
_a327.5492 _bBAN |
||
| 245 | 0 | 0 |
_aBangladesh, South Asia, and the world / _cedited by Emajuddin Ahamed, Abul Kalam. |
| 260 |
_aDhaka, Bangladesh : _bAcademic Publishers in association with International Studies Association, Bangladesh, _cc1992. |
||
| 300 |
_ax, 302 p. : _bmap ; _c23 cm. |
||
| 504 | _aIncludes bibliographical references. | ||
| 520 | _aChiefly on South Asian affairs; most papers presented at a seminar organized by the International Studies Association, Bangladesh, in Dhaka on 10 August 1990. | ||
| 651 | 0 |
_aBangladesh _xPolitics and government _y1971- |
|
| 651 | 0 |
_aSouth Asia _xPolitics and government. |
|
| 651 | 0 |
_aBangladesh _xRelations _zSouth Asia. |
|
| 651 | 0 |
_aSouth Asia _xRelations _zBangladesh. |
|
| 700 | 1 | _aAhmed, Emajuddin. | |
| 700 | 0 |
_aAbul Kalam _c(Professor of International Relations) |
|
| 710 | 2 | _aInternational Studies Association, Bangladesh. | |
| 906 |
_a7 _bcbc _corignew _d3 _encip _f19 _gy-gencatlg |
||
| 942 |
_2ddc _cBK |
||